Surprise Island /

Bibliographic Details
Main Author: Warner, Gertrude Chandler, 1890-1979
Other Authors: Gehr, Mary (Illustrator)
Format: Book
Language:English
Published: Chicago : Albert Whitman & Co., [1977]
Series:Warner, Gertrude Chandler, 1890-1979. Boxcar children mysteries.
Subjects:

MARC

Tag First Indicator Second Indicator Subfields
LEADER 00000cam a2200000 a 4500
001 in00001120521
005 20150930072827.0
008 830112s1977 ilua j 000 1 eng d
020 |a 0807576735 
020 |a 0807576743 (pbk.) :  |c $3.50 
035 |a (OCoLC)09120728 
035 |9 AFW5348AM 
040 |a TLM  |c TLM  |d YQR  |d AZU  |d TXA  |d UtOrBLW 
049 |a TXAM 
090 |a PZ7.W244  |b Sur 1977 
092 |a [Fic] 
100 1 |a Warner, Gertrude Chandler,  |d 1890-1979. 
245 1 0 |a Surprise Island /  |c by Gertrude Chandler Warner ; illustrated by Mary Gehr. 
264 1 |a Chicago :  |b Albert Whitman & Co.,  |c [1977] 
264 4 |c ©1977 
300 |a 178 pages :  |b illustrations ;  |c 21 cm. 
336 |a text  |b txt  |2 rdacontent 
337 |a unmediated  |b n  |2 rdamedia 
338 |a volume  |b nc  |2 rdacarrier 
490 1 |a A Boxcar children mystery 
500 |a Sequel to The boxcar children. 
650 1 |a Mystery and detective stories. 
700 1 |a Gehr, Mary,  |e illustrator. 
800 1 |a Warner, Gertrude Chandler,  |d 1890-1979.  |t Boxcar children mysteries. 
999 |a MARS 
999 f f |s 3e6bb614-4d0d-348c-88ce-847c8c42faa5  |i 97868208-4d1c-381c-a1c0-d154a38134c1  |t 0 
952 f f |p normal  |a Texas A&M University  |b College Station  |c Sterling C. Evans Library  |d Evans: Library Stacks  |t 0  |e PZ7.W244 Sur 1977  |h Library of Congress classification  |i unmediated -- volume  |m A14817441010 
998 f f |a PZ7.W244 Sur 1977  |t 0  |l Evans: Library Stacks